Word Ladder - Statistics

General Stats
  • This quiz has been taken 202 times
  • The average score is 14 of 16
Answer Stats
Hint Answer % Correct
Wheel on a car Tire
93%
Ten cent coin Dime
92%
Finished Done
91%
Used to burn or heat something Fire
90%
Insects that live on the scalp Lice
90%
Sour fruit Lime
90%
A round roof or ceiling Dome
89%
Kind Nice
89%
Prescribed amount of medication Dose
88%
Ripped Tore
87%
Had a piece of clothing on Wore
86%
5,280 feet Mile
83%
Eat Dine
82%
Thin Fine
82%
Disgusting Vile
71%
Moral fault Vice
68%
No matching quizzes found
Score Distribution
Percent of People with Each Score
Percentile by Number Answered
Your Score History
You have not taken this quiz